Bulletin Slovenského národného strediska pre ľudské práva - mimoriadne číslo správa o dodržiavaní ľudských práv na Slovensku za rok 1995

Saved in:
Bibliographic Details
Format: Book
Language:Slovak
English
German
Published: Bratislava Slovenské národné stredisko pre ľudské práva 1996
Edition:1. vyd.
Subjects:
Tags: Add Tag
No Tags, Be the first to tag this record!

MARC

LEADER 00000nam a2200000 4500
001 c015809
005 20221214072606.9
041 0 |a slo 
041 0 |a eng 
041 0 |a ger 
044 |a SK 
245 1 0 |a Bulletin Slovenského národného strediska pre ľudské práva - mimoriadne číslo  |b správa o dodržiavaní ľudských práv na Slovensku za rok 1995 
250 |a 1. vyd. 
264 1 |a Bratislava  |b Slovenské národné stredisko pre ľudské práva  |c 1996 
300 |a 59 s. 
610 2 0 |a práva ľudské 
610 2 0 |a ochrana ľudských práv 
610 2 0 |a Slovensko